000 01012nam a2200241 a 4500
001 000022443
003 DO-SdBNP
005 20240305103442.0
008 101011s1995 dr a r 000 0 spa d
040 _aDO-SdBNP
_bspa
_cBNPHU
082 _aRD868.42
_bM516A
100 1 _aMejía Solière, Abigaíl,
_d1895-1941
_946264
245 1 0 _aAbigaíl Mejía :
_bobras escogidas /
_ccompiladores Abigaíl Mejía Solière, Arístides Incháustegui, Blanca Delgado Malagón.
260 _aSanto Domingo :
_bSecretaría de Estado de Educación, Bellas Artes y Culto,
_c1995.
300 _a2 v. :
_bil. ;
_c23 cm.
500 _aA la cabeza de la portada: Edición conmerartiva del centenario de Abigaíl Mejía (1895-1995).
590 _aInventariado, 2018/BT
600 1 4 _aMEJÍA SOLIÈRE, ARÍSTIDES,
_d1895-1941
_946265
700 1 _aIncháustegui Cabral, Héctor,
_d1912-1979
_ecomp.
_921024
700 1 _aDelgado Malagón, Blanca,
_ecomp.
_922928
910 _aValidado. Control de calidad. MMOLINA
942 _2ddc
_cLBS1
999 _c21941
_d21941